00454nam a2200169Ia 4500008004100000041000800041082002100049100001400070245007100084250001200155260002700167365001600194700001700210710003000227906000800257999001900265230312s9999 xx 000 0 und d aeng a620.1b620.1 BEE aBeer F.P. aVector Machanics For EngineersbStatics And Dynamics (In SI Units) a8th ed. bTata Mc-graw Hill Pub. cRs.b525.00 aJohnstonE.R. aBeer F.P. & Johnston E.R. b525 c128789d128789